[Event "AUS-ch"]
[Site "Adelaide"]
[Date "2024.01.04"]
[Round "4"]
[White "Leong, Benjamin"]
[Black "Tao, Trevor"]
[Result "1/2-1/2"]
[WhiteElo "1879"]
[BlackElo "2364"]
[PlyCount "80"]
[EventDate "2024.01.02"]
[EventType "swiss"]
[EventRounds "11"]
[EventCountry "AUS"]
[SourceTitle "CB03_2024"]
[SourceDate "2024.01.17"]
[SourceVersion "1"]
[SourceVersionDate "2024.01.17"]
[SourceQuality "1"]

1. e4 c6 2. d4 d5 3. exd5 cxd5 4. Bd3 Nc6 5. c3 Nf6 6. Bf4 g6 7. h3 Bg7 8. Nf3 0-0 9. Nbd2 a6 10. Ne5 Nd7 11. Ndf3 f6 12. Nxd7 Qxd7 13. Qb3 e5 14. Be3 Kh8 15. dxe5 Nxe5 16. 0-0-0 Qf7 17. Be2 Nc4 18. Bxc4 dxc4 19. Qb6 Bf5 20. Rd6 a5 21. Rhd1 Bd3 22. Qd4 Rfe8 23. Ne1 Bf5 24. g4 Be6 25. Nf3 Kg8 26. Qb6 a4 27. a3 Bf8 28. Rd8 Rexd8 29. Rxd8 Rxd8 30. Qxd8 Qe7 31. Qa8 Bd5 32. Nd4 Qe4 33. Qxa4 Qh1+ 34. Kd2 Qxh3 35. Qe8 Bf7 36. Qc8 Qf1 37. Ne6 Qd3+ 38. Kc1 Qf1+ 39. Kd2 Qd3+ 40. Kc1 Qf1+ 1/2-1/2

[Event "AUS-ch"]
[Site "Adelaide"]
[Date "2024.01.03"]
[Round "2"]
[White "Leong, Benjamin"]
[Black "Rodgers, Jack"]
[Result "1-0"]
[WhiteElo "1879"]
[BlackElo "2059"]
[PlyCount "93"]
[EventDate "2024.01.02"]
[EventType "swiss"]
[EventRounds "11"]
[EventCountry "AUS"]
[SourceTitle "CB03_2024"]
[SourceDate "2024.01.17"]
[SourceVersion "1"]
[SourceVersionDate "2024.01.17"]
[SourceQuality "1"]

1. e4 c5 2. Nc3 a6 3. g3 b5 4. Bg2 Bb7 5. Nh3 g6 6. 0-0 Bg7 7. d3 b4 8. Ne2 e6 9. f4 Ne7 10. Be3 Qc7 11. d4 d5 12. dxc5 dxe4 13. Bd4 e5 14. fxe5 Bxe5 15. Ng5 0-0 16. Nxe4 Bxe4 17. Bxe4 Nbc6 18. c3 Rad8 19. Qd3 bxc3 20. bxc3 f5 21. Qc4+ Rf7 22. Rad1 Rdf8 23. Bg2 g5 24. Bxc6 Nxc6 25. Rxf5 Kh8 26. Rxf7 Qxf7 27. Qxf7 Rxf7 28. Rb1 Rd7 29. Rb6 Bxd4+ 30. cxd4 Nxd4 31. Nxd4 Rxd4 32. Rxa6 Rc4 33. c6 Kg7 34. Ra7+ Kg6 35. c7 Kf5 36. Kf2 Ke4 37. Ra4 Rxa4 38. c8Q Rxa2+ 39. Kf1 Rxh2 40. Qg4+ Ke3 41. Qxg5+ Ke4 42. Kg1 Re2 43. Qf4+ Kd3 44. Qf5+ Ke3 45. Qxh7 Kf3 46. Qh5+ Ke3 47. Qxe2+ 1-0

[Event "Penang op 15th"]
[Site "Penang"]
[Date "2023.12.22"]
[Round "9"]
[White "Gnanasekar, Jai Adithya"]
[Black "Leong, Benjamin"]
[Result "0-1"]
[WhiteElo "1468"]
[BlackElo "1972"]
[PlyCount "170"]
[EventDate "2023.12.18"]
[EventType "swiss"]
[EventRounds "9"]
[EventCountry "MAS"]
[SourceTitle "CB52_2023"]
[SourceDate "2023.12.27"]
[SourceVersion "1"]
[SourceVersionDate "2023.12.27"]
[SourceQuality "1"]

1. c4 c6 2. e4 d5 3. cxd5 cxd5 4. exd5 Nf6 5. Nc3 Nxd5 6. Bc4 e6 7. Nf3 Nc6 8. 0-0 Be7 9. d4 0-0 10. h3 a6 11. Nxd5 exd5 12. Bb3 Bf5 13. Bf4 Be4 14. Ne5 Rc8 15. Nxc6 Rxc6 16. Qd2 Rg6 17. f3 Bf5 18. Kh1 Bd6 19. Rae1 Qh4 20. Bxd6 Rxd6 21. Qf2 Qh6 22. Qg3 Rg6 23. Qe5 Rg5 24. Qe2 Rg3 25. Qe5 Rg5 26. Qe2 Qh4 27. Qf2 Rg3 28. Kh2 Rxh3+ 29. gxh3 Qxh3+ 30. Kg1 Bd3 31. Qg2 Bxf1 32. Rxf1 Qe6 33. f4 Rd8 34. Qf3 Qg6+ 35. Kf2 Qf6 36. Rd1 Qh4+ 37. Qg3 Qf6 38. Qg5 Qb6 39. Qe5 Qh6 40. Bxd5 Qh4+ 41. Ke3 Kf8 42. Be4 Re8 43. Qc5+ Kg8 44. Qg5 Qh3+ 45. Kf2 h6 46. Qg2 Qh4+ 47. Kf1 Qxf4+ 48. Bf3 Re6 49. d5 Qc4+ 50. Be2 Rf6+ 51. Ke1 Qh4+ 52. Kd2 Rf2 53. Qg1 Qb4+ 54. Ke3 Qf4+ 55. Kd3 Qf5+ 56. Kd2 Qf3 57. Qe1 Qxd5+ 58. Ke3 Qc5+ 59. Kd2 Qd4+ 60. Kc2 Qc5+ 61. Kb1 g6 62. Bd3 h5 63. Qg1 Kg7 64. Rd2 Rf5 65. Qd1 Rg5 66. Re2 Qd4 67. Bc2 Rg1 68. Re1 Qxd1+ 69. Rxd1 Rxd1+ 70. Bxd1 h4 71. Bf3 b6 72. b4 f5 73. Kc2 g5 74. a4 g4 75. Bg2 h3 76. Bf1 f4 77. Kd2 f3 78. Ke3 h2 79. Bxa6 h1Q 80. a5 bxa5 81. b5 g3 82. b6 g2 83. b7 g1Q+ 84. Kd2 Qd4+ 85. Kc2 Qhd1# 0-1

[Event "Penang op 15th"]
[Site "Penang"]
[Date "2023.12.21"]
[Round "7"]
[White "Lee, Yun Rui"]
[Black "Leong, Benjamin"]
[Result "1-0"]
[WhiteElo "1718"]
[BlackElo "1972"]
[PlyCount "85"]
[EventDate "2023.12.18"]
[EventType "swiss"]
[EventRounds "9"]
[EventCountry "MAS"]
[SourceTitle "CB52_2023"]
[SourceDate "2023.12.27"]
[SourceVersion "1"]
[SourceVersionDate "2023.12.27"]
[SourceQuality "1"]

1. d4 d5 2. c4 c6 3. Nc3 Nf6 4. Nf3 e6 5. Bg5 dxc4 6. e4 b5 7. e5 h6 8. Bh4 g5 9. Nxg5 hxg5 10. Bxg5 Nbd7 11. g3 Bb7 12. Bg2 Qb6 13. exf6 0-0-0 14. 0-0 c5 15. d5 b4 16. Na4 Qa5 17. a3 Nb6 18. axb4 cxb4 19. Be3 Qb5 20. Nxb6+ axb6 21. Qg4 Rxd5 22. Rfc1 Rdh5 23. Qxc4+ Qxc4 24. Rxc4+ Bc5 25. Bxc5 bxc5 26. Ra5 Rxh2 27. Raxc5+ Kb8 28. Bxb7 Kxb7 29. Rxb4+ Ka6 30. Rc3 R2h5 31. Ra3+ Ra5 32. Rxa5+ Kxa5 33. Rb7 Rh7 34. Kg2 Ka6 35. Re7 Kb6 36. g4 Kc6 37. g5 Rh4 38. Kg3 Rh1 39. Rxf7 Kd6 40. Rg7 e5 41. g6 Ke6 42. f7 Ke7 43. Rg8 1-0

[Event "Penang op 15th"]
[Site "Penang"]
[Date "2023.12.18"]
[Round "1"]
[White "Hasnul, Hashim"]
[Black "Leong, Benjamin"]
[Result "0-1"]
[WhiteElo "1454"]
[BlackElo "1972"]
[PlyCount "78"]
[EventDate "2023.12.18"]
[EventType "swiss"]
[EventRounds "9"]
[EventCountry "MAS"]
[SourceTitle "CB52_2023"]
[SourceDate "2023.12.27"]
[SourceVersion "1"]
[SourceVersionDate "2023.12.27"]
[SourceQuality "1"]

1. e4 c5 2. Nf3 d6 3. Bb5+ Nd7 4. 0-0 a6 5. Bxd7+ Bxd7 6. Nc3 Nf6 7. d3 g6 8. h3 Bg7 9. Be3 b5 10. Qd2 0-0 11. Bh6 e5 12. Bxg7 Kxg7 13. Ne2 Nh5 14. c3 f5 15. d4 fxe4 16. Ng5 d5 17. dxe5 h6 18. e6 Qxg5 19. Qxg5 hxg5 20. exd7 Rad8 21. a4 Rxd7 22. axb5 axb5 23. Ra5 Rb8 24. g3 Nf6 25. Rd1 Rb6 26. b4 Rc7 27. bxc5 Rxc5 28. Rc1 Ne8 29. Nd4 Nc7 30. Kf1 Kf6 31. Ke2 Ne6 32. Nxe6 Kxe6 33. Kd2 Rbc6 34. Rb1 Rxc3 35. Rbxb5 Rc2+ 36. Kd1 Rc1+ 37. Kd2 R6c2+ 38. Ke3 Re1+ 39. Kd4 Rc4# 0-1

[Event "Gold Coast op"]
[Site "Gold Coast"]
[Date "2022.06.27"]
[Round "9"]
[White "Nakauchi, Gene"]
[Black "Leong, Benjamin"]
[Result "1/2-1/2"]
[WhiteElo "2124"]
[BlackElo "1869"]
[PlyCount "44"]
[EventDate "2022.06.23"]
[EventType "swiss"]
[EventRounds "9"]
[EventCountry "AUS"]
[SourceTitle "CBM 209 Extra"]
[Source "ChessBase"]
[SourceDate "2022.09.30"]
[SourceVersion "1"]
[SourceVersionDate "2022.09.30"]
[SourceQuality "1"]

1. e4 c5 2. Nf3 d6 3. d4 cxd4 4. Nxd4 Nf6 5. Nc3 a6 6. Bg5 e6 7. Qf3 Be7 8. 0-0-0 Qc7 9. Qg3 Nbd7 10. Be2 b5 11. Bxf6 Bxf6 12. Bxb5 axb5 13. Ndxb5 Qb8 14. Nxd6+ Kf8 15. Nxc8 Qxc8 16. Qd6+ Ke8 17. Rd3 Ra6 18. Qb4 Rb6 19. Qa4 Ra6 20. Qb4 Rb6 21. Qa4 Ra6 22. Qb4 Rb6 1/2-1/2

[Event "Gold Coast op"]
[Site "Gold Coast"]
[Date "2022.06.23"]
[Round "1"]
[White "Leong, Benjamin"]
[Black "Puccini, Jack"]
[Result "0-1"]
[WhiteElo "1869"]
[BlackElo "2321"]
[PlyCount "80"]
[EventDate "2022.06.23"]
[EventType "swiss"]
[EventRounds "9"]
[EventCountry "AUS"]
[SourceTitle "CBM 209 Extra"]
[Source "ChessBase"]
[SourceDate "2022.09.30"]
[SourceVersion "1"]
[SourceVersionDate "2022.09.30"]
[SourceQuality "1"]

1. d4 d5 2. c4 e6 3. Nc3 Nf6 4. cxd5 exd5 5. Bg5 c6 6. e3 Be7 7. Bd3 Nbd7 8. Nge2 h6 9. Bh4 Nh5 10. Bxe7 Qxe7 11. g4 Nhf6 12. Ng3 Nb6 13. Nf5 Bxf5 14. Bxf5 Nc4 15. Qe2 Nd6 16. Bd3 h5 17. g5 Nfe4 18. Bxe4 dxe4 19. h4 g6 20. 0-0-0 0-0 21. d5 c5 22. Nb5 Rad8 23. Nxd6 Rxd6 24. Kb1 Qe5 25. Qc4 b6 26. Rd2 Re8 27. a4 Qf5 28. Ka1 Kh7 29. Kb1 Re5 30. Rhd1 a5 31. Qa6 Qd7 32. Qc4 Qh3 33. Qa6 Re7 34. Rc1 Qxh4 35. Rxc5 Qxg5 36. Rxa5 Qg1+ 37. Ka2 Qe1 38. Qc8 bxa5 39. Qf8 Qxd2 40. Qxe7 Qxd5+ 0-1